000 00473nam a2200193Ia 4500
005 20230109094937.0
008 131103s9999 xx 000 0 und d
040 _aLoreto College
041 _aEnglish
082 _a821.3
_bDON-PAR
100 _aParker, Derek
245 _aJohn Donne
_cDerek Parker
260 _aLondon
_bThames and hudson
_c1975
300 _a127p.
504 _aIncludes index.
650 _aEnglish Literature
850 _aLCLIB
942 _cBK
999 _c21340
_d71819